Statistics for Premier and English Football League clubs ending in United

Click here to take the quiz!

General Stats

  • This quiz has been taken 382 times
  • The average score is 8 of 13

Answer Stats

League*Answer% Correct
PManchester
100%
PNewcastle
90%
CSheffield
84%
PWest Ham
81%
CLeeds
78%
1Oxford
50%
1Peterborough
47%
2Carlisle
46%
2Cambridge
42%
CRotherham
40%
2Colchester
39%
1Southend
35%
1Scunthorpe
32%

Score Distribution

Percentile by Number Answered

Percent of People with Each Score

Your Score History

You have not taken this quiz